Truly random quiz - Statistics

General Stats
  • This quiz has been taken 8 times
  • The average score is 6 of 11
Answer Stats
Hint Answer % Correct
How many lifeboats did the Titanic have (in total)? 20
100%
How many people died in the 1996 Mt. Everest disaster? 8
100%
How old was the oldest person when she died? 122
57%
Where does the saying "Houston, we have a problem" come from? Apollo 13
57%
Which country always goes first in the opening and closing ceremonies at the Olympics? Greece
57%
Where is Petra? Jordan
57%
What star was used for navigation ? North Star
57%
How high is the speed limit on German highways? No limit
43%
Where do you find the Schönbrunn Palace? Vienna
29%
Which element on the periodic table is named after a mystical German creature? Cobalt
14%
Who helped build the Globe theatre (monetary donations)? Elizabeth I
14%
No matching quizzes found
Score Distribution
Percent of People with Each Score
Percentile by Number Answered
Your Score History
You have not taken this quiz